000 00406nam a22001457a 4500
020 _a9780750647182
040 _cNUST
082 _a621.46
_bHUG
100 _a Hughes , Austin
_958500
245 _aElectric Motors and Drives:
_bFundamentals , Types and Applications
250 _aThird Edition
260 _aLondon:
_bElsevier,
_c2006.
650 _aElectric Motors and Drives
_9112179
942 _2ddc
_cBK
999 _c609601
_d609601